Frestas: (Record no. 1486)
[ view plain ]
| 000 -LEADER | |
|---|---|
| campo de control de longitud fija | 00884nam a2200133 4500 |
| 008 - DATOS DE LONGITUD FIJA--INFORMACIÓN GENERAL | |
| campo de control de longitud fija | 700.74 S493f |
| 082 ## - NÚMERO DE LA CLASIFICACIÓN DECIMAL DEWEY | |
| Número de clasificación | 700.74 |
| Número de ítem | S493f |
| 100 ## - ENTRADA PRINCIPAL--NOMBRE DE PERSONA | |
| Nombre de persona | Mattos, Josué (curaduría) |
| 9 (RLIN) | 6376 |
| 245 ## - MENCIÓN DEL TÍTULO | |
| Título | Frestas: |
| Resto del título | Trienal de artes |
| 260 ## - PUBLICACIÓN, DISTRIBUCIÓN, ETC. | |
| Lugar de publicación, distribución, etc. | São Paulo |
| Fecha de publicación, distribución, etc. | 2015 |
| 300 ## - DESCRIPCIÓN FÍSICA | |
| Extensión | 70 p. |
| Otras características físicas | ill |
| Dimensiones | 25 x 20.5 cm |
| 505 ## - NOTA DE CONTENIDO CON FORMATO | |
| Título | O que seria do mundo sem as coisas que não existem? - What would be of the world without the thing that do not exist? |
| -- | Nossa proposição é o dialogo - Our proposition is the dialogue |
| -- | Ateliê aberto para a invenção do inexistente: daqui até AÍ - Open studio for the invention of the Nonexistent: from here to There |
| -- | Poipoidrome - Poipoidrome |
| -- | O inexistente é insistência - The nonexistent is insistnece |
| -- | Ateliê de pesquisa em poéticas visuais - Studio for Research into Visual Poetics |
| 650 ## - PUNTO DE ACCESO ADICIONAL DE MATERIA--TÉRMINO DE MATERIA | |
| Subdivisión general | arte contemporáneo |
| -- | Brasil |
| -- | arte - exhibiciones |
| -- | arte - proyecto sorocaba |
| 9 (RLIN) | 6377 |
| Estatus retirado | Estado de pérdida | Fuente del sistema de clasificación o colocación | Estado de daño | No para préstamo | Biblioteca de origen | Biblioteca actual | Ubicación en estantería | Fecha de adquisición | Total de préstamos | Signatura topográfica completa | Visto por última vez | Precio de reemplazo | Tipo de ítem Koha |
|---|---|---|---|---|---|---|---|---|---|---|---|---|---|
| Clasificación Decimal Dewey | Biblioteca LadoV | Biblioteca LadoV | 07/06/2018 | 700.74 S493f | 07/06/2018 | 07/06/2018 | Material 01 |
